000 00472nam a2200157Ia 4500
008 220204s9999 xx 000 0 und d
020 _a8171322905
082 _a581.1
_bBOR
100 _aBora, K K
245 0 _aProduction and developmental plant physiology
260 _aJaipur
_bPointer Publishers
_c2001
490 _a Plant physiology for sustainable forestry agri-horticulture and industry
650 _aAgroforestry
650 _aStress management
942 _cBK
999 _c42601
_d42601